[Event "Grand Slam Final 3rd"]
[Site "Bilbao"]
[Date "2010.10.11"]
[Round "3"]
[White "Shirov, Alexei"]
[Black "Carlsen, Magnus"]
[Result "1/2-1/2"]
[WhiteElo "2749"]
[BlackElo "2826"]
[Annotator "Edouard,R"]
[PlyCount "349"]
[EventDate "2010.10.09"]
[EventType "tourn"]
[EventRounds "6"]
[EventCountry "ESP"]
[EventCategory "22"]
[SourceTitle "CBM 139"]
[Source "ChessBase"]
[SourceDate "2010.11.18"]
[SourceVersion "1"]
[SourceVersionDate "2010.11.18"]
[SourceQuality "1"]

1. e4 e5 2. Nf3 Nc6 3. Bb5 a6 4. Ba4 Nf6 5. O-O Be7 6. Re1 b5 7. Bb3 d6 8. c3
O-O 9. h3 Nb8 10. d4 Nbd7 {The well-known Breyer defense. Carlsen already
played it twice this year, but in rapid games only (against Smeets and Anand).}
11. Nbd2 Bb7 12. Bc2 Re8 ({Magnus tried the rarer} 12... c5 $5 {against Smeets.
}) 13. a4 Bf8 14. Bd3 c6 15. b4 $5 {The most fashionable move over the last
months.} (15. b3 {and 15.Nf1 are the two other common options.}) 15... Nb6 16.
axb5 cxb5 $5 {Played only once, but convincingly, by German player Baramidze!
And not against anybody: against Shirov himself! This leads to a totally
different kind of position in comparison to the other capture. Instead of
trying to hold a rather "passive" draw, Black tries to put up pressure on the
king-side. Typical Magnus!} (16... axb5 17. Rxa8 Bxa8 (17... Qxa8 18. Nb3 {
is also possible.}) 18. Nb3 Bb7 19. dxe5 dxe5 20. Be3 Bc8 21. Qc2 Qc7 22. Na5
Bd7 23. Rc1 h6 24. Nd2 Na4 25. Ndb3 Rb8 26. Ra1 c5 27. bxc5 Nxc5 28. Nxc5 {
1/2-1/2 Anand-Carlsen, Kristiansund (NOR) 2010}) 17. d5 Rc8 18. Bb2 $146 {
Shirov's improvement.} (18. Qb3 Qc7 19. Bb2 Nh5 20. Rac1 f5 (20... Nf4 $5 21.
Bf1 f5 {is also to check.}) 21. c4 fxe4 22. cxb5 Qd7 23. Nxe4 Bxd5 24. Qd1 Rxc1
25. Bxc1 axb5 26. Nfg5 Bxe4 27. Nxe4 Nf4 28. Bxf4 exf4 29. Ng5 Rxe1+ 30. Qxe1
Qe7 31. Ne6 Kf7 $4 (31... g6 {should hold a draw.}) 32. Bxh7 Qf6 33. h4 Qe5 34.
Ng5+ Ke8 35. Qc1 Nc4 36. Nf3 Qf6 37. Bg8 d5 38. Bxd5 Qb2 39. Bc6+ Kd8 40. Qd1+
Nd6 41. Nd4 Qxb4 42. Bxb5 Qc3 {1-0 Shirov,A (2730)-Baramidze,D (2532)/GER 2010}
) 18... Nh5 19. Bf1 f5 20. Nxe5 {The point of leaving White's queen on d1!} (
20. exf5 Nf4 {should be OK for Black without huge problems.}) 20... Rxe5 21. c4
$1 (21. Qxh5 fxe4 {would be fine for Black.}) 21... Nf6 $1 22. Bxe5 (22. c5
fxe4 (22... Rxd5 23. exd5 dxc5 24. bxc5 Bxc5 {looks risky for Black, somehow!})
23. Bxe5 dxe5 24. d6 {comes back into the game.}) 22... dxe5 23. c5 fxe4 24. d6
$1 {A totally messy position. But what else to expect in a game between Shirov
and Carlsen?!} (24. cxb6 Bxb4 {is definitely fine for Black.}) 24... Na4 $5 {
Interesting, brave, and clever option, while everybody was expecting a capture
on d6! Instead, Black wants to sac a piece on c5!} (24... Bxd6 25. cxd6 Qxd6
26. Qb3+ Kh8 27. Rad1 {should be better for White, with an easy play.}) 25. Nc4
$6 {A funny move, which seems like a mistake.} (25. Rxa4 bxa4 26. Nc4 (26. Qxa4
Bxd6 27. cxd6 Qxd6 {should hold a draw easily.}) 26... Qe8 $8 {followed by ...
Rd8, and sooner or later, Black will sac a piece and equalize (yes, yes, I'm
for sure right: the engine agrees with me, not to say that I agree with the
engine!).}) (25. Bc4+ {should be best:} Kh8 26. Be6 Rxc5 $1 27. bxc5 Nxc5 {
and again, I will not push more the analysis of this crazy position too much,
as it would become unreadable! But for instance, it could go on with} 28. Bf5
Bxd6 (28... Qxd6 29. Qc2 Qc6 30. Nb3 e3 31. f3 Nxb3 32. Qxb3 Bc5 33. Rac1 e4
34. fxe4 Nxe4 35. Bxe4 Qxe4 36. Re2 {here White is for sure better, but I
would be surprised if there were no draw!}) 29. Qc2 Qa8 30. Nb3 Nd3 31. Red1 {
after what White should have better chances. I must admit that this position
is too complicated for my small mind!}) (25. Rc1 Bxd6 26. cxd6 Rxc1 27. Qxc1
Qxd6 {should be an improvement (for Black) to 24...Bxd6.}) 25... Nxc5 $1 26.
bxc5 Rxc5 27. Qb3 Bd5 28. Qb4 Rxc4 (28... Rc6 $5 {should be stronger, but after
} 29. Nxe5 (29. Ne3 Qxd6 30. Qxd6 Bxd6 31. Rec1 Rb6 32. Rc8+ Kf7 33. Nxd5 Nxd5
{and only Black can try to go for a win.}) 29... Rxd6 30. Red1 {the position
should be likely a draw, thought Black should keep better chances.}) 29. Bxc4
bxc4 30. Rxa6 {Now White should be able to keep the balance.} Qc8 31. Qa5 c3
32. d7 Qxd7 33. Qxc3 Qb7 34. Rea1 Qb8 35. Ra7 h6 36. Rc7 Qb6 37. Qxe5 Bd6 38.
Rc8+ Kf7 39. Qc3 Qb7 40. Rca8 Qxa8 $5 41. Rxa8 Bxa8 {Ok, from here, there
might be few moves too much according to my poor endgame level. Still, it is
very impressive to see Magnus's determination in winning games, even though it
is pretty understandable after his difficult start.} 42. Qd4 Bd5 43. Qa7+ Be7
44. Qc7 h5 45. Qe5 g6 46. Kh2 Be6 47. Kg1 Bf5 48. Kf1 Ne8 49. Kg1 Ng7 50. Qd5+
Ne6 51. Qb7 h4 52. Kh2 Nf4 53. Kg1 Nd3 54. Kf1 Nc5 55. Qd5+ Be6 56. Qe5 Bf5 57.
Qd5+ Ne6 58. Qb7 Kf8 59. Qa8+ Bd8 60. Qa7 Bf6 61. Qb7 Kg8 62. Qa7 Bg5 63. Ke2
Nf4+ 64. Kf1 Nh5 65. Ke2 Kf8 66. Kf1 Bf6 67. Qc7 Ng7 68. Qa7 Ne6 69. Qb7 Nd8
70. Qa7 Nf7 71. Kg1 Kg7 72. Kf1 Be5 73. Qe7 g5 74. Kg1 Bf6 75. Qb7 Kg6 76. Qd5
Ne5 77. Qg8+ Bg7 78. Qe8+ Kh6 79. Qe7 Nd3 80. Kf1 Nf4 81. Qd6+ Bg6 82. Qe7 Nd5
83. Qe6 Nf6 84. Kg1 Be8 85. Qf5 Bd7 86. Qe5 Kg6 87. Kf1 Bf8 88. Kg1 Ba3 89. Qc7
Bb4 90. Qe5 Bd2 91. Qd4 Bf4 92. Qb6 Be8 93. Kf1 Bf7 94. Kg1 Kf5 95. Qa7 Be6 96.
Kf1 Kg6 97. Qb6 Bd7 98. Kg1 Ba4 99. Qe6 Bb5 100. Qb6 Bc4 101. Qd4 Be6 102. Kf1
Bf5 103. Kg1 g4 104. hxg4 Bxg4 105. Qc3 Bf5 106. Qb3 Bg5 107. Kf1 Kh6 108. Kg1
Kg6 109. Kf1 Bd7 110. Kg1 Be8 111. Qc3 Bf7 112. Qe5 Bd5 113. Qc3 Be6 114. Qe5
Bd7 115. Qc3 Bf5 116. Qb3 Nh5 117. Qg8+ Ng7 118. Qb3 Ne6 119. Kh2 Bf6 120. Kg1
Bg7 121. Kf1 Ng5 122. Qb6+ Bf6 123. Kg1 h3 124. gxh3 Bxh3 125. Qd6 Bf5 126. Kg2
Nf3 127. Qd5 Kg5 128. Qg8+ Bg6 129. Qd5+ Be5 130. Qd8+ Kh5 131. Qd5 Bf5 132.
Qf7+ Kg4 133. Qg8+ Ng5 134. Qc4 Bf4 135. Qg8 Be6 136. Qg7 Bf7 137. Qd4 Kf5 138.
Qc5+ Be5 139. Qf8 Kg6 140. Qc5 Bf6 141. Qd6 Bc4 142. Qc6 Be6 143. Qd6 Bg4 144.
Qd5 Bf3+ 145. Kf1 Nf7 146. Kg1 Ne5 147. Qg8+ Kf5 148. Qc8+ Kg5 149. Qg8+ Ng6
150. Qd5+ Kh6 151. Qe6 Be5 152. Qf5 Bf4 153. Qf6 Bg5 154. Qe6 Kg7 155. Qd7+ Ne7
156. Qe6 Bf6 157. Kf1 Kg6 158. Kg1 Nf5 159. Qg8+ Kh5 160. Qf7+ Kg5 161. Qg8+
Kf4 162. Qb8+ Kg4 163. Qg8+ Bg5 164. Qc8 Bf6 165. Qg8+ Kf4 166. Qb8+ Be5 167.
Qb4 Nd4 168. Qf8+ Kg5 169. Qg8+ Kh6 170. Qf8+ Bg7 171. Qd6+ Kh5 172. Qh2+ Kg5
173. Qg3+ Bg4 174. Qe3+ Kf5 {Now the game is drawn according to the 50-moves
rule. The transmission shows 175.Qd2 as a last move. Either a mistake, or some
fun from Shirov, aiming to claim a draw in the event of 175...Nf3+.} 175. Qd2
1/2-1/2

[Event "EU-chT (Men) 15th"]
[Site "Gothenburg"]
[Date "2005.08.02"]
[Round "4.3"]
[White "Fressinet, Laurent"]
[Black "Graf, Alexander"]
[Result "1-0"]
[WhiteElo "2627"]
[BlackElo "2605"]
[Annotator "Erenburg,S"]
[PlyCount "91"]
[EventDate "2005.07.30"]
[EventType "team-swiss"]
[EventRounds "9"]
[EventCountry "SWE"]
[SourceTitle "CBM 109"]
[Source "ChessBase"]
[SourceDate "2005.11.14"]
[SourceVersion "1"]
[SourceVersionDate "2005.11.14"]
[SourceQuality "1"]
[WhiteTeam "France"]
[BlackTeam "Germany"]
[WhiteTeamCountry "FRA"]
[BlackTeamCountry "GER"]

{[%mdl 8]} 1. e4 e5 2. Nf3 Nc6 3. Bb5 a6 4. Ba4 Nf6 5. O-O Be7 6. Re1 b5 7. Bb3
d6 8. c3 O-O 9. h3 {covering the g4 square. More ambitious theoretical
continuation is} (9. d4 Bg4 10. d5 Na5 11. Bc2 {1-0 Comp Hydra-Adams,M/London
2005/CBM 108_01/[Erenburg] (28)}) 9... Nb8 {Again Graf chooses safe Breyer
variation, like in the previous round against Berg. Other options are:} (9...
Bb7 10. d4 Re8 {0-1 Sutovsky,E-Bacrot,E/Dortmund 2005/CBM 108_01/[Erenburg] 
(31)}) (9... Na5 10. Bc2 c5 11. d4 Qc7 {1-0 Leko,P-Adams,M/Miskolc 2005/CBM
108_01/[Erenburg] (32)}) 10. d4 Nbd7 11. Nbd2 Bb7 12. Bc2 {strengthening the
central e4 pawn, thus, liberating the queenside knight for maneouvres.} Re8 (
12... c5 {1-0 Bologan,V-Sokolov,I/Merida 2005/CBM 109_01/[Erenburg] (48)}) 13.
Nf1 {transfering the knight to g3.} ({Another option to fight for an advantage
is} 13. a4 Bf8 14. Bd3 c6 15. b3 g6 {1-0 Ponomariov,R-Sasikiran,K/Biel 2004/
CBM 102/[Wedberg] (62)}) 13... Bf8 14. Ng3 g6 {covering the f5 spot, as well
as preparing a transfer of dark-squared bishop to a long diagonal.} 15. a4 {
creating some tension on the queenside.} (15. Bg5 h6 16. Bd2 Bg7 17. a4 c5 18.
d5 c4 19. b4 {1-0 Ponomariov,R-Gyimesi,Z/Moscow 2005/CBM 106/[Wedberg] (43)})
15... c5 16. d5 c4 $1 {[%csl Gc4][%cal Yd7c5] After white played a2-a4, black
can transfer his knight to c5. The point is that when white's "a" pawn located
on a4, white can react with b2-b4 on black's c5-c4, Nd7-c5.} (16... Nb6 17. Qe2
Nxa4 18. Bxa4 bxa4 19. Rxa4 {1-0 Anand,V-Piket,J/Monte Carlo 2000/CBM 076/
[Wedberg] (46)}) 17. Bg5 {provoking black to play h7-h6, that will weaken
black's kingside.} (17. Be3 Nc5 18. Qd2 Nfd7 19. Ra3 Nb6 20. axb5 axb5 21. Rea1
Rxa3 22. Rxa3 Bc8 23. Bh6 $14 {0-1 Sandipan,C-Sturua,Z/Linares 2001/CBM 081 
(42)}) 17... Bg7 {Black has the following alternatives:} (17... Nc5 18. Qd2 Be7
19. Bh6 Bf8 20. Bg5 Be7 21. Rf1 Nfd7 22. Be3 Bf6 23. Nh2 h5 24. Ne2 Bg7 $13 {
1-0 Motylev,A-Stevic,H/Istanbul 2003/CBM 096 (57)}) (17... h6 18. Be3 Nc5 19.
Qd2 h5 20. Bg5 Be7 21. Ra3 Nfd7 {0-1 Georgiev,K-Ponomariov,R/Moscow 2001/CBM
086/[Kostakiev,D] (40)}) 18. Qd2 Qe7 19. Ra3 Nc5 $146 {Accoding to my database,
this position appeared for the first time. In the preceding game black
continued} (19... Qf8 20. Rea1 Nc5 21. Qc1 Rec8 22. Be3 Nfd7 23. Nd2 Qd8 24.
Qf1 Nb6 25. axb5 axb5 26. Rxa8 Rxa8 27. b3 $14 {1-0 Geller,E-Abramovic,B/
Moscow 1982/MCL (38)}) 20. Rea1 Qc7 {moving away the queen from unpleasant pin
along the h4-d8 diagonal.} 21. Nh2 $1 {[%cal Gf2f4,Yh2g4] preparing to develop
initiative on the kingside with f2-f4.} h5 $1 {[%csl Yh5][%cal Yf6h7,Gh5g4]
Typical maneouvre- black not only covers the g4 spot, but also prepares to
drive away the dark-squared bishop from an active position.} 22. Rf1 {White is
preparing to carry out the f2-f4 advance.} (22. f4 {is met by} Nh7 $1) 22...
Nh7 23. Be3 Qe7 {preventing white's f2-f4 advance.} 24. Raa1 {White's rooks
has nothing to do on "a" file.} (24. f4 {is refuted by} exf4 25. Rxf4 (25. Bxf4
h4 $19) 25... Be5 $17) 24... Nf6 {threatening to win the pawn by h5-h4.} 25. f3
{strenghtening the centre.} Nfd7 $11 {Black has succeeded to neutralize
white's initiative on the kingside. The position is equal, as white doesn't
have a space advantage, and black pieces has some strongholds, like c5.} 26.
Bg5 Bf6 27. Be3 {Here Laurent was ready to accept the draw, but Alexander
wanted more...} Nb6 {forcing white to define the pawn structure on the
queenside.} (27... Bg7 $11) 28. a5 Nbd7 29. Nh1 {moving away the knight from
an active position.} Nf8 30. Rae1 {preparing for f2-f4 breakthrough.} Bc8 $6 {
The light-squared bishop's possibilities are limitted by white's d5 pawn,
therefore, Graf transfers it to the c8-h3 diagonal. On the other hand, black
should not have allowed white to carry out the f2-f4 advance so easily.} ({
More to the point seems} 30... Qc7 31. Ra1 $11 (31. f4 Qxa5 32. fxe5 (32. f5
Qd8) 32... Bxe5 33. Qf2 Qc7 $15)) 31. f4 $1 exf4 (31... Nfd7 {is bad, in view
of} 32. f5 $36) 32. Bxf4 Nfd7 $1 {Black emphasizes the drawback of opening the
"f" file- the e5 spot will be occupied by black's pieces.} 33. Nf3 Ne5 34. Nxe5
{White couldn't allow black to occupy the d3 stronghold.} Bxe5 (34... dxe5 35.
Be3 $14 {[%cal Yd2f2]}) 35. Ng3 $14 {intending to transfer the knight to d4
via e2} Ra7 {covering the squares on the 7-th rank.} 36. Ne2 Bxf4 37. Qxf4 Nd7
{bringing another knight to e5, that will strengthen black's monarch residence
on the kingside, as well as will cover the c6 spot.} ({Comes to consideration:
} 37... Qe5 $5) 38. Nd4 Ne5 39. Rf2 {intending to connect the rooks along the
"f" file.} Qd8 40. Qh6 Qe7 ({It is too dangerous to take on a5:} 40... Qxa5 41.
Ref1 Qd8 42. Rf6 Rc7 43. Bd1 (43. Nc6 Nxc6 44. dxc6 Re5) 43... Rce7 44. Bxh5
$40) 41. Ref1 Qh4 (41... Qf8 42. Qg5 Qe7 43. Rf6 Qd8 (43... Nd7 44. Nc6 $18)
44. Bd1 $16) (41... Qd8 42. Rf6 Rae7 43. Nc6 Nxc6 44. dxc6 $18 {[%cal Ye4e5]})
42. Nc6 $1 {trying to change the most important piece in black's position.}
Nxc6 $4 {[%mdl 8192] loses on the spot.} ({After} 42... Rc7 {it is not so easy
to find the way to get an advantage for white. For instance:} 43. Nxe5 (43. Rf6
Qg3 $1) 43... Rxe5 44. Rf6 {[%cal Yf6g6]} Rg5 $1 (44... Qg5 45. Qxg5 Rxg5 46.
h4 Re5 47. Rxd6 Rce7 $16 {/+-}) 45. R1f3 Rg3 46. Rf2 Bxh3 47. e5 (47. Rxd6 Bxg2
48. Rxg2 Rxg2+ 49. Kxg2 Qg4+ 50. Kf2 Qh4+ 51. Kg2 (51. Ke2 Qh2+ $19) 51... Qg4+
$11) 47... Bxg2 48. Rxg2 Rxg2+ 49. Kxg2 Qg4+ 50. Kf1 Re7 51. e6 Qh3+ 52. Ke2
Qg2+ 53. Kd1 Qh1+ $11 (53... Qxd5+ 54. Qd2 $14)) {[%tqu "En","Please find the
strongest continuation for white","","","f2f7","",10]} 43. Rxf7 $1 $18 Rxf7 44.
Qxg6+ Rg7 45. Qxe8+ Kh7 46. e5+ 1-0

[Event "Interzonal-14b"]
[Site "Szirak"]
[Date "1987.??.??"]
[Round "15"]
[White "Nunn, John DM"]
[Black "Beliavsky, Alexander G"]
[Result "1/2-1/2"]
[WhiteElo "2585"]
[BlackElo "2620"]
[Annotator "Ernst,T"]
[PlyCount "92"]
[EventDate "1987.07.??"]
[EventType "tourn"]
[EventRounds "17"]
[EventCountry "HUN"]
[EventCategory "12"]
[SourceTitle "CBM 003"]
[Source "ChessBase"]
[SourceDate "1988.04.01"]
[SourceVersion "1"]
[SourceVersionDate "1988.04.01"]
[SourceQuality "1"]

1. e4 e5 2. Nf3 Nc6 3. Bb5 a6 4. Ba4 Nf6 5. O-O Be7 6. Re1 b5 7. Bb3 d6 8. c3
O-O 9. h3 Nb8 10. d4 Nbd7 11. Nbd2 Bb7 12. Bc2 Re8 13. Nf1 Bf8 14. Ng3 g6 15.
a4 c5 16. d5 c4 17. Bg5 h6 18. Be3 Nc5 19. Qd2 h5 20. Ng5 Bh6 $5 (20... Nh7) (
20... Bg7) 21. Re2 (21. f4 h4 22. fxe5 (22. Nf1 Bxg5 23. fxg5 Nfxe4 $17) 22...
Rxe5 23. Nf1 Bxg5 24. Bxg5 Nfxe4 25. Bxd8 Nxd2 26. Rxe5 dxe5 27. Be7 Nxf1 28.
Bxc5 Ng3 $10) 21... Qe7 22. Rae1 h4 23. Nf1 Nh5 24. g3 (24. g4 $142) 24... hxg3
25. fxg3 f6 (25... Bc8 26. g4 Nf4 27. Bxf4 exf4 28. Nf3 $13) 26. g4 Bxg5 $2 (
26... Nf4 27. Bxf4 Bxg5 28. Bxg5 (28. Be3 Kg7 {/\ Rh8|^}) 28... fxg5 29. Rf2
$15) 27. Bxg5 fxg5 28. gxh5 $16 {->} gxh5 29. Ng3 Kh7 30. Nf5 Qf6 31. Rg2 Rg8
32. Qe2 g4 33. Rf1 Rg5 (33... Raf8 34. hxg4 Rxg4 35. Rxg4 hxg4 36. Qh2+ $18)
34. hxg4 Bc8 35. Ng3 Qe7 36. Nxh5 Bd7 37. Qe3 Rh8 38. Rh2 $2 (38. Rf7+ $142 $1
Qxf7 39. Qxg5 Rf8 40. Nf6+ Qxf6 41. Rh2+ $18) 38... Rxg4+ 39. Kh1 Kg6 40. Rf6+
Qxf6 41. Nxf6 Rxh2+ 42. Kxh2 Kxf6 43. Qh6+ Ke7 44. axb5 axb5 45. Bd1 Rf4 $1 (
45... Rxe4 $2 46. Qg5+ Kf8 47. Qf6+ Kg8 48. Bh5 Rf4 49. Qxd6 $18) 46. Qg5+ Rf6
$14 {/\ Ne4} 1/2-1/2

[Event "Budapest FS03 GM"]
[Site "Budapest"]
[Date "1993.??.??"]
[Round "3"]
[White "Leko, Peter"]
[Black "Wells, Peter K"]
[Result "1-0"]
[WhiteElo "2555"]
[BlackElo "2485"]
[Annotator "Ernst,T"]
[PlyCount "107"]
[EventDate "1993.03.??"]
[EventType "tourn"]
[EventRounds "11"]
[EventCountry "HUN"]
[EventCategory "8"]
[SourceTitle "CBM 037"]
[Source "ChessBase"]
[SourceDate "1993.12.01"]
[SourceVersion "1"]
[SourceVersionDate "1993.12.01"]
[SourceQuality "1"]

1. e4 e5 2. Nf3 Nc6 3. Bb5 a6 4. Ba4 Nf6 5. O-O Be7 6. Re1 b5 7. Bb3 d6 8. c3
O-O 9. h3 Nb8 10. d4 Nbd7 11. Nbd2 Bb7 12. Bc2 Re8 13. a4 Bf8 14. Bd3 c6 15. b3
g6 16. Qc2 Rc8 17. Bb2 Bg7 18. Bf1 (18. c4 exd4 19. Bxd4 Nh5 20. Bxg7 Nxg7 $10
{Adams,M-Motwani,P/LondonWFW/1990/}) 18... Nh5 19. c4 exd4 20. Nxd4 b4 21. Rad1
c5 22. Ne2 Ne5 23. f4 Nd3 24. Qxd3 Bxb2 25. g4 Ng7 26. Qc2 Bf6 27. g5 Bxg5 $6 (
27... Be7 28. Nf3 f6 29. h4 $13) 28. fxg5 Qxg5+ 29. Bg2 Nf5 30. Qd3 $1 Ne3 31.
Ng3 Nxd1 32. Rxd1 $14 f5 33. Kh2 f4 (33... fxe4 34. Ndxe4 $16) 34. Nh1 Qe5 35.
Kg1 Rcd8 36. Nf2 Qg5 37. Nf3 Qe7 38. Re1 Qg7 39. h4 h6 40. Kh2 Bc6 41. Rg1 Kh8
42. Bh3 Qc3 43. Nd2 Kh7 44. Bf1 Re6 45. Rg4 f3 46. Nxf3 Rf8 47. Kg2 Ref6 48.
Rg3 $1 Rf4 49. Qxd6 Qxf3+ 50. Rxf3 Rxf3 51. Ng4 Rxf1 (51... Bxe4 52. Qe7+ $18)
52. Qxc6 h5 53. Ne5 R8f2+ 54. Kg3 1-0

[Event "Interzonal-14c"]
[Site "Zagreb"]
[Date "1987.??.??"]
[Round "17"]
[White "Gruenfeld, Yehuda"]
[Black "Ehlvest, Jaan"]
[Result "1-0"]
[WhiteElo "2545"]
[BlackElo "2540"]
[Annotator "Ernst,T"]
[PlyCount "71"]
[EventDate "1987.08.01"]
[EventType "tourn"]
[EventRounds "17"]
[EventCountry "YUG"]
[EventCategory "12"]
[SourceTitle "CBM 004"]
[Source "ChessBase"]
[SourceDate "1988.06.01"]
[SourceVersion "1"]
[SourceVersionDate "1988.06.01"]
[SourceQuality "1"]

1. e4 e5 2. Nf3 Nc6 3. Bb5 a6 4. Ba4 Nf6 5. O-O Be7 6. Re1 b5 7. Bb3 O-O 8. c3
d6 9. h3 Nb8 10. d4 Nbd7 11. Nbd2 Bb7 12. Bc2 Re8 13. b4 $6 (13. Nf1) 13... Bf8
14. a4 Nb6 15. a5 Nbd7 16. Bb2 Rb8 17. Rb1 g6 18. Ba1 Ba8 19. dxe5 $5 (19. Bd3)
19... Nxe5 20. Nxe5 dxe5 21. c4 bxc4 22. Bc3 Bc6 (22... c5 23. Nxc4 Qxd1 (23...
Qc7 24. Nb6 $16) 24. Rbxd1 cxb4 25. Bxe5 Rbc8 26. Bxf6 Rxc4 27. Bb3 $1 $16) 23.
Qe2 Bb5 24. Nxc4 c5 25. bxc5 Bxc5 (25... Nd7 $5) 26. Bb3 $1 {/\ Qa2} Qc7 27.
Rbc1 (27. Qf3 $2 Bxc4 28. Bxc4 Rxb1 29. Rxb1 Bxf2+ $17) 27... Ba3 $5 (27...
Rbd8 28. Qf3 Kg7 29. Ne3 Qe7 (29... Rd3 $2 30. Bb4 Rxb3 31. Rxc5 Qb7 32. Nf5+
$18) 30. Nd5 Nxd5 31. Bxd5 f6 32. Bd2 Rc8 33. Qg4 h5 $1 $14 {Browne,W} (33...
Qd7 $4 34. Qxd7+ $18)) 28. Rc2 Nd7 (28... Bc6 29. Nd2 $14) 29. Bd2 $1 Bc5 $6 (
29... Nc5 30. Qe3 Nxb3 31. Nxa3 Bc6 32. Bc3 Rbc8 33. Rb1 $5 Nxa5 34. Be1 $1 $44
{/\ 35.Rbc1, 35.Qb6}) 30. Qf3 $14 Re6 31. Bg5 Rc6 $2 (31... h6 32. Bxh6 Rf6 33.
Qg3 Bxc4 34. Bxc4 Qxa5 35. Rf1 $16 {^^}) 32. Ne3 $18 Rf8 33. Nd5 Qxa5 34. Rec1
Kg7 35. Rxc5 $1 Rxc5 36. Bf6+ 1-0

[Event "Biel"]
[Site "Biel"]
[Date "1992.??.??"]
[Round "8"]
[White "Kortschnoj, Viktor Lvovich"]
[Black "Beliavsky, Alexander G"]
[Result "1-0"]
[WhiteElo "2575"]
[BlackElo "2595"]
[Annotator "Ernst,T"]
[PlyCount "161"]
[EventDate "1992.07.??"]
[EventType "tourn"]
[EventRounds "14"]
[EventCountry "SUI"]
[EventCategory "16"]
[SourceTitle "CBM 031"]
[Source "ChessBase"]
[SourceDate "1992.12.01"]
[SourceVersion "1"]
[SourceVersionDate "1992.12.01"]
[SourceQuality "1"]

1. e4 e5 2. Nf3 Nc6 3. Bb5 a6 4. Ba4 Nf6 5. O-O Be7 6. Re1 b5 7. Bb3 d6 8. c3
O-O 9. h3 Nb8 10. d4 Nbd7 11. c4 Bb7 (11... c6 12. a3 bxc4 13. Bxc4 d5 $6 14.
exd5 $1 cxd5 15. Ba2 e4 16. Ne5 Bb7 17. Nc3 $16 {Anand,V-Spasski,B/Cannes/1989/
}) (11... c6 12. c5 Qc7 13. cxd6 Bxd6 14. Bg5 exd4 15. Bxf6 gxf6 16. Qxd4 Ne5
17. Nbd2 Rd8 18. Qe3 Nd3 $13 {Fischer-Portisch, Santa Monica 1966.}) 12. Nc3 c6
13. c5 Qc7 14. cxd6 Bxd6 15. Bg5 h6 16. dxe5 Bxe5 17. Nxe5 Qxe5 18. Bh4 $16 Nc5
19. Bg3 Qg5 20. h4 Qg6 21. Bc2 Rfd8 22. Bd6 Bc8 23. e5 Bf5 24. Bxf5 Qxf5 25.
exf6 Qxf6 26. Bxc5 Rxd1 27. Raxd1 Qxh4 28. Rd4 Qg5 29. b4 a5 30. a3 Qf5 31. Ne4
axb4 32. axb4 Qe5 33. Rdd1 h5 34. Nd2 Qc7 35. Nf3 Rd8 36. Rxd8+ Qxd8 37. Re5 f6
38. Re7 Qd1+ 39. Kh2 Qc1 40. g3 Qd1 41. Re3 Qd5 42. Nd4 Kh7 43. Re6 Qa2 44. Kg1
Qd5 45. Rxc6 $18 h4 46. gxh4 Qh5 47. Re6 Qg4+ 48. Kf1 Qxh4 49. Re7 Qh1+ 50. Ke2
Qd5 51. Ke3 Qg5+ 52. Kd3 Qd5 53. Kc3 Qc4+ 54. Kb2 Qd3 55. Rb7 Qd2+ 56. Nc2 Qe2
57. Bd4 Kg6 58. Rc7 Qd3 59. Be3 Qe2 60. Rd7 Qc4 61. Bc5 Qe2 62. Be3 Qc4 63. Rd4
Qc6 64. Na3 Kf7 65. Nb1 g5 66. Nc3 Qf3 67. Rd5 g4 68. Ba7 f5 69. Rxb5 f4 70.
Rd5 g3 71. fxg3 fxg3 72. b5 g2 73. Kb3 Qg3 74. Bg1 Qe1 75. Rd1 Qe6+ 76. Kb2 Qg4
77. Rd2 Ke8 78. b6 Qf3 79. Nd5 Qf1 80. Nc7+ Kf7 81. b7 1-0